Les écoles de sorciers dans Harry Potter - Statistiques

Statistiques générales
  • Ce quiz a été pris 62 fois
  • Le résultat moyen est 4 sur 8
Statistiques - réponses
Pays Réponse % Correct
Royaume uni Poudlard
98%
France Beauxbâtons
90%
Grand Nord Durmstrang
85%
Etats - Unis Ilvermorny
40%
Brésil Castelobruxo
23%
Afrique Uagadou
19%
Japon Mahoutokoro
12%
Russie Koldovstoretz
10%
Aucun quiz correspondant
Distribution des résultats
% des personnes avec chaque résultat
Percentile par nombre de réponses
Votre historique - résultats
Vous n’avez pas pris ce quiz